Právo mezinárodního obchodu /

Hlavní autor: Švarc, Zbyněk, 1950-
Korporativní autor: Vysoká škola ekonomická v Praze. Obchodní fakulta
Jazyk: Čeština
Vydáno: Praha : SPN, 1989
Vydání: 1. vyd.
Edice: Učební texty vysokých škol
Fyzický popis: 154 s.
Knihy
Uloženo v:
LEADER 00908nam a2200277 a 4500
001 000442905
003 CZ BrMZK
005 19990305143423.0
007 ta
008 990305s1989 xr f cze d
015 |a cnb000050815 
035 |a (OCoLC)39403667 
040 |a BOA001  |b cze 
080 |a 347.7(075.8)  |2 MRF 
100 1 |a Švarc, Zbyněk,  |d 1950-  |7 xx0009447  |4 aut 
245 1 0 |a Právo mezinárodního obchodu /  |c Zbyněk Švarc 
250 |a 1. vyd. 
260 |a Praha :  |b SPN,  |c 1989 
300 |a 154 s. 
490 1 |a Učební texty vysokých škol 
500 |a Vys. škola ekonomická v Praze, fak. obch. - Bibliogr. 
710 2 |a Vysoká škola ekonomická v Praze.  |b Obchodní fakulta  |7 kn20010724940 
830 0 |a Učební texty vysokých škol 
910 |a BOA001  |b 4-0948.116 
990 |a BK 
996 7 |b 2619783948  |c 4-0948.116  |l MZK  |r Sklad / do 1 hodiny  |n 10  |w 000442905  |u 000010  |a 1  |e BOA001  |j MZK50  |s A